MARC

LEADER 00000nam0a2200000 4500
001 278147
005 20231101235102.0
020 |a RU  |b 86-33183 
035 |a (RuTPU)RU\TPU\book\301424 
090 |a 278147 
100 |a 20141209d1986 k y0rusy5003 ca 
101 0 |a rus 
102 |a RU 
105 |a a z 001zy 
200 1 |a Карстово-суффозионные процессы и их прогноз  |e [монография]  |f В. П. Хоменко  |g Производственный и научно-исследовательский институт по инженерным изысканиям в строительстве (ПНИИИС) ; отв. ред. Р. С. Зиангиров 
210 |a Москва  |c Наука  |d 1986 
215 |a 97 с.  |c ил.  |d 21 см 
320 |a Библиогр.: с. 92-95 
320 |a Буквенные обозначения: с. 96 
606 1 |a Карстовые явления  |2 stltpush  |3 (RuTPU)RU\TPU\subj\39362  |9 59476 
610 1 |a карст 
610 1 |a суффозия 
610 1 |a карстовые процессы 
610 1 |a характеристика 
610 1 |a проявление 
610 1 |a лабораторные физические модели 
610 1 |a провалообразования 
610 1 |a детерминированные модели 
610 1 |a статистические модели 
610 1 |a прогноз 
610 1 |a монографии 
675 |a 551.44  |z rus  |v 4 
700 1 |a Хоменко  |b В. П.  |g Виктор Петрович  |4 070 
702 1 |a Зиангиров  |b Р. С.  |4 340 
712 0 2 |a Производственный и научно-исследовательский институт по инженерным изысканиям в строительстве (ПНИИИС)  |c (Москва)  |2 stltpush  |3 (RuTPU)RU\TPU\col\7464 
801 0 |a RU  |b RuMRKP  |c 19950704  |g psbo 
801 1 |a RU  |b 63413507  |c 20141209 
801 2 |a RU  |b 63413507  |c 20170410  |g RCR 
942 |c BK